Capitales de Provincias Españolas por Temperatura Máxima Récord - Estadísticas

Estadísticas generales
  • Esta prueba ha sido intentada 35 veces
  • La puntuación promedio es 39 de 52
Estadísticas de respuestas
Temperatura más alta registrada ºC (casco urbano) Ciudad % Correcto
46,9 Córdoba
94%
46,6 Sevilla
94%
39,3 Burgos
89%
46 Granada
89%
43 Huelva
89%
42,7 Madrid
89%
45,4 Badajoz
86%
44,3 Cáceres
86%
43 Cádiz
86%
43,7 Ciudad Real
86%
44,4 Jaén
86%
41,2 Lugo
86%
46,2 Murcia
86%
39,6 Almería
83%
40 Barcelona
83%
38,2 León
83%
44,2 Málaga
83%
38,7 Segovia
83%
38,9 Soria
83%
44,5 Valencia
83%
42,7 Albacete
80%
42 Alicante
80%
38,8 Ávila
80%
42,6 Huesca
80%
41,3 Teruel
80%
44,2 Toledo
80%
40,2 Guadalajara
77%
40 Palencia
77%
40,8 Salamanca
77%
39,8 Tarragona
77%
41,8 Zamora
77%
44,5 Zaragoza
77%
44 Bilbao
74%
39,5 Pontevedra
74%
41,5 Cuenca
71%
41,1 Valladolid
71%
39 Oviedo
69%
40,6 Pamplona/Iruña
69%
40,2 Santander
66%
39,7 Donostia/San Sebastián
63%
44,1 Orense
60%
41,4 Palma de Mallorca
60%
43 Gerona
57%
44,2 Las Palmas de Gran Canaria
57%
43,4 Lérida
57%
43,3 Logroño
57%
42,6 Santa Cruz de Tenerife
57%
40,8 Ceuta
54%
39,6 La Coruña
54%
41,8 Melilla
51%
39,2 Castellón de la Plana
46%
40,8 Vitoria-Gasteiz
29%
No se encontraron pruebas coincidentes
Distribución de puntuación
Porcentaje de gente con cada puntuación
Porcentaje por número respondido
Historial de tus puntuaciones
No has intentado esta prueba.